[Event "10th LCC FIDE Open 2018"]
[Site "London"]
[Date "2018.12.16"]
[Round "9"]
[White "Hector, Jonny"]
[Black "Marzano, Carlo"]
[Result "1-0"]
[WhiteElo "2501"]
[BlackElo "2222"]
[Annotator "TA"]
[PlyCount "111"]
[EventDate "2018.12.09"]
[EventType "swiss"]
[EventCountry "ENG"]
[SourceTitle "playchess.com"]
[Source "ChessBase"]
[SourceQuality "1"]

{[%evp 18,111,33,14,48,22,28,19,24,30,51,10,41,3,35,28,35,-10,0,0,0,0,0,0,22,18,27,26,26,28,17,18,23,25,20,10,10,0,0,0,0,0,0,-23,0,0,0,-8,8,0,0,0,-6,-41,-39,-156,0,-75,0,-68,-1,-1,-4,-1,-6,-22,0,0,0,0,0,0,0,0,8,0,0,0,0,0,575,568,5105,5105,5077,5097,5077,5073,5065,4702,4586,4582,4132,3589,4614,637]} 1. d4 d5 2. Nc3 Nf6 3. Bg5 Nbd7 4. Nf3 e6 5. e4 dxe4 6. Nxe4 Be7 7. Nxf6+ Bxf6 8. h4 O-O {C13: French: Classical System: 4 Bg5 Be7, Alekhine-Chatard Attack} 9. Qe2 c5 10. O-O-O {LiveBook: 4 Games} Qa5 $146 {The position is equal.} ({Predecessor:} 10... cxd4 11. Qe4 Re8 12. Rxd4 Qe7 13. Bd3 Nf8 14. Ne5 Rd8 15. Rxd8 Qxd8 16. Bxf6 Qxf6 {1-0 (36) Saric,I (2690)-Volkov,S (2557) Linares 2018}) 11. Kb1 cxd4 12. Nxd4 Bxg5 13. hxg5 Qxg5 14. g3 Nf6 15. Bg2 Bd7 16. Bxb7 Rab8 17. Ba6 Rb6 18. Bc4 Rfb8 19. b3 a5 20. Nf3 Qc5 21. Ne5 Bb5 22. Bxb5 Rxb5 23. Nd7 Nxd7 24. Rxd7 g6 25. Qd2 h5 26. Rd1 Kg7 27. Qf4 Qf5 28. Qd4+ Qf6 29. Qa7 Rf8 30. R1d2 Re5 31. a3 Re1+ 32. Rd1 Re2 33. R7d2 Re5 34. Ka2 Rf5 35. Re2 Rc8 36. c4 {[#]} (36. Rd3 $15) 36... g5 $2 (36... a4 $1 $17 {[%mdl 512] ...axb3+ is the strong threat.} 37. Qd4 (37. Qxa4 Rxf2) 37... e5) 37. Qd4 (37. f4 $11 {keeps the balance.}) 37... Rh8 (37... e5 $17 38. Qd3 a4 39. bxa4 Rxf2) 38. b4 (38. Qd2 $1 $11) 38... axb4 ({Black should play} 38... e5 $15 39. Qc5 e4) 39. Qxf6+ $11 Kxf6 40. axb4 $15 {[%mdl 4096] Endgame KRR-KRR} h4 41. c5 Rf3 42. gxh4 gxh4 43. Rc2 h3 44. c6 {Black must now prevent c7.} h2 45. c7 Rc8 46. b5 {Hoping for Rh1.} Rf5 47. b6 Ra5+ 48. Kb1 Rb5+ $2 {[%mdl 8192]} (48... Rca8 $1 $11 {and Black has nothing to worry.} 49. Rcd2 (49. b7 Ra1+ 50. Kb2 R8a2+ 51. Kb3 Ra3+ 52. Kb4 Ra4+ 53. Kb5 Ra5+ 54. Kb6 Ra6+ 55. Kb5 R6a5+ 56. Kb6 Ra6+ 57. Kb5 R6a5+ $11) 49... Ra1+ 50. Kc2 R8a3) 49. Rb2 $18 {White is clearly winning.} Rg5 {aiming for ...Rg1.} 50. b7 Rg1 51. bxc8=Q {Intending Qd8+ and mate.} Rxd1+ 52. Ka2 {White wants to mate with Qh8+.} h1=Q 53. Qd8+ $1 Kg6 {[#]} 54. Qxd1 $1 {[%mdl 576] Promotion} Qxd1 55. c8=Q Kg7 56. Qc3+ {Accuracy: White = 48%, Black = 50%.} 1-0

[Event "10th LCC FIDE Open 2018"]
[Site "London"]
[Date "2018.12.16"]
[Round "9"]
[White "Ghasi, Ameet K"]
[Black "Wells, Peter K"]
[Result "1-0"]
[WhiteElo "2498"]
[BlackElo "2412"]
[Annotator "TA"]
[PlyCount "63"]
[EventDate "2018.12.09"]
[EventType "swiss"]
[EventCountry "ENG"]
[SourceTitle "playchess.com"]
[Source "ChessBase"]
[SourceQuality "1"]

{[%evp 18,63,42,43,32,16,20,39,35,18,110,59,120,85,123,122,120,121,151,68,79,89,186,179,176,185,178,158,245,162,314,293,286,287,283,293,285,305,297,296,275,249,264,266,700,677,661,699]} 1. Nf3 d5 2. g3 c6 3. Bg2 Bg4 4. O-O Nd7 5. d3 e6 6. h3 {A07: Réti Opening: New York and Capablanca Systems} Bh5 7. e4 Bd6 8. exd5 exd5 9. c4 Ne7 10. Nc3 {LiveBook: 8 Games} Nb6 11. Qb3 f6 12. cxd5 Bf7 $146 13. Nd4 cxd5 {[#]} (13... Qd7 $1 $11) 14. Re1 ({Better is} 14. Qb5+ $1 $16 Kf8 15. Be3) 14... Be5 (14... O-O $14) 15. Nf3 $36 {[%mdl 2048] White is in control.} Bd6 16. Qb5+ Kf8 {And now ...a6 would win.} 17. Be3 Nf5 18. Bd2 (18. Nd4 $16 Nxe3 19. Rxe3) 18... h5 19. Ne2 {[%cal Bc3e2,Be2d4,Bd4b5,Bb5c7][%mdl 32]} Qe8 (19... a6 $16 20. Qb3 d4) 20. Ned4 $18 Qxb5 21. Nxb5 Be7 22. Rac1 {Hoping for Rc7.} a6 (22... Bd8 $16 {is a better defense.} 23. Nbd4 Nxd4) 23. Nc7 Rc8 $2 (23... Rb8 {might work better.} 24. Ne6+ Kg8) 24. Ba5 Na4 {[#]} 25. Nxd5 $1 {[%mdl 576] Discovered Attack} Rxc1 (25... Bxd5 26. Rxc8+) 26. Rxc1 Bxd5 27. Rc8+ Kf7 28. Rxh8 {Black must now prevent Ng5+!} Bxa2 29. Nd2 b6 30. b3 ({Weaker is} 30. Rxh5 g6 $16) 30... Nb2 $2 (30... bxa5 31. bxa4 Nd4) 31. Bd5+ Kg6 32. Bxb6 {Accuracy: White = 70%, Black = 37%.} 1-0

[Event "10th LCC FIDE Open 2018"]
[Site "London"]
[Date "2018.12.16"]
[Round "9"]
[White "Gormally, Daniel W"]
[Black "Megalios, Konstantinos"]
[Result "1/2-1/2"]
[WhiteElo "2478"]
[BlackElo "2365"]
[Annotator "TA"]
[PlyCount "85"]
[EventDate "2018.12.09"]
[EventType "swiss"]
[EventCountry "ENG"]
[SourceTitle "playchess.com"]
[Source "ChessBase"]
[SourceQuality "1"]

{[%evp 15,85,17,18,18,15,17,27,21,23,13,26,17,25,16,13,24,20,3,27,39,73,22,33,0,0,-1,60,52,60,54,52,46,55,46,30,32,38,45,87,0,0,-23,50,15,10,0,0,0,0,0,0,0,0,0,0,0,0,0,0,0,0,0,0,0,0,0,0,0,0,0,0,0]} 1. d4 Nf6 2. Nf3 e6 3. c4 Bb4+ 4. Nbd2 b6 5. g3 Bb7 6. Bg2 O-O 7. O-O a5 8. Nb1 {E16: Queen's Indian: 4 g3 Bb7 5 Bg2 Bb4+} Be7 {LiveBook: 6 Games} 9. Re1 d5 $146 ({Predecessor:} 9... Qc8 10. d5 exd5 11. cxd5 Bxd5 12. e4 Bxe4 13. Rxe4 Nxe4 14. Qd5 Nxg3 15. hxg3 c6 {0-1 (27) Williams,S (2426)-Howell,D (2698) Coventry 2015}) 10. cxd5 exd5 11. Nc3 Nbd7 12. Bf4 Nh5 13. Bd2 Nhf6 14. Rc1 Ne4 15. Bf4 c5 16. Qb3 g5 17. Be3 c4 18. Qc2 (18. Qa4 $16) 18... f5 $11 {[%cal Bf7f5,Bf5e4][%mdl 32]} 19. Nxe4 fxe4 20. Nd2 g4 (20... b5 $11) 21. f3 $14 {[%cal Rf3e4]} Bg5 22. Qc3 {[%cal Rf3e4]} b5 $1 {[%cal Rb5b4]} 23. Bxg5 Qxg5 24. fxe4 b4 25. Qc2 {Black must now prevent e3.} Qe3+ 26. Kh1 Rf2 {[#]} 27. Nf1 (27. Rcd1 $1 $16) 27... Qxd4 $11 {aiming for ...Nc5.} 28. Rcd1 Qe5 (28... Qc5 $1 $11) 29. Ne3 {[%cal Bf1e3,Be3g2,Bg2h4][%mdl 32]} Nf6 $1 {The position is equal.} ({Much worse is} 29... Qh5 $6 30. Rf1 $16) 30. Kg1 {[#]} Rxg2+ $1 {[%mdl 512]} 31. Nxg2 {And now exd5 would win.} Nxe4 32. Rf1 a4 33. Rf4 h5 34. Nh4 b3 35. axb3 axb3 36. Qc1 {Threatens to win with Rxe4!} Ng5 $1 37. Rf5 Nh3+ 38. Kf1 {White threatens Qh6 and mate.} Qe4 {[%cal Re4h1]} 39. Ke1 {Strongly threatening Qh6.} Re8 {[%csl Ge8][%cal Re4e2] [#]} 40. Rg5+ $1 {[%mdl 512]} Kf7 {[%csl Ge8][%cal Re4e2]} (40... Nxg5 41. Qxg5+) 41. Rf5+ Kg8 {[%csl Ge8][%cal Re4e2]} 42. Rg5+ $1 Kf7 {[%csl Ge8][%cal Re4e2]} 43. Rf5+ {Accuracy: White = 73%, Black = 75%.} 1/2-1/2

[Event "10th LCC FIDE Open 2018"]
[Site "London"]
[Date "2018.12.16"]
[Round "9"]
[White "Arkell, Keith C"]
[Black "Melkumyan, Hrant"]
[Result "1/2-1/2"]
[WhiteElo "2453"]
[BlackElo "2670"]
[Annotator "TA"]
[PlyCount "80"]
[EventDate "2018.12.09"]
[EventType "swiss"]
[EventCountry "ENG"]
[SourceTitle "playchess.com"]
[Source "ChessBase"]
[SourceQuality "1"]

{[%evp 30,80,-6,-4,0,0,35,28,35,43,43,22,24,0,0,10,35,0,0,0,39,41,39,0,0,0,0,0,8,5,5,9,5,5,43,37,55,0,0,0,0,0,0,0,0,0,0,0,0,0,0,0,0]} 1. Nf3 c5 2. c4 Nc6 3. Nc3 g6 4. g3 Bg7 5. Bg2 e5 6. d3 Nge7 7. O-O d6 8. a3 O-O 9. Rb1 a5 10. Ne1 Be6 11. Nd5 Rb8 12. Nxe7+ {A37: Symmetrical English vs ...g6: 4 Bg2 Bg7 5 Nf3} Nxe7 13. b4 axb4 14. axb4 cxb4 15. Rxb4 d5 16. Nc2 {[#] LiveBook: 5 Games} Qd7 $146 ({Predecessor:} 16... dxc4 17. dxc4 Nc6 18. Ra4 Qxd1 19. Rxd1 Ra8 20. Rxa8 Rxa8 {1-0 (74) Bareev,E (2707)-Almasi,Z (2644) Monte Carlo 2002}) 17. Ba3 Rfe8 18. Ne3 d4 19. Nc2 Nc6 20. Rb6 Bh3 21. Qb1 {[#] Bxc6 is the strong threat.} Bxg2 22. Kxg2 e4 23. Nb4 {Threatens to win with Nxc6.} Ra8 24. Bc1 exd3 25. exd3 h5 26. Nxc6 bxc6 27. h4 Be5 28. Bd2 Re7 29. Re1 Rae8 {White must now prevent ...Bxg3!} 30. Qd1 Re6 31. Bg5 Bf6 32. Rxe6 Rxe6 33. Qf3 (33. Qa4 $14) 33... Bxg5 $11 {The position is equal.} 34. hxg5 {[%mdl 4096] Endgame KQR-KQR} Kg7 35. Qf4 c5 36. Rxe6 Qxe6 37. Kf3 Qe7 38. Kg2 Qe6 39. Kf3 Qe7 40. Kg2 Qe6 {Accuracy: White = 65%, Black = 67%.} 1/2-1/2

[Event "10th LCC FIDE Open 2018"]
[Site "London"]
[Date "2018.12.16"]
[Round "9"]
[White "Flear, Glenn C"]
[Black "McDonald, Neil"]
[Result "1/2-1/2"]
[WhiteElo "2451"]
[BlackElo "2403"]
[Annotator "TA"]
[PlyCount "79"]
[EventDate "2018.12.09"]
[EventType "swiss"]
[EventCountry "ENG"]
[SourceTitle "playchess.com"]
[Source "ChessBase"]
[SourceQuality "1"]

{[%evp 17,79,0,-19,-37,-21,-61,-61,-42,-37,-97,0,0,22,-1,-7,-25,0,-23,-15,-125,-22,-22,-22,-30,-22,-23,-26,-74,-79,-102,-41,-74,0,-54,0,0,0,0,0,0,0,0,0,0,0,0,0,0,0,0,0,0,0,0,0,0,0,0,0,0,0,0,0,0]} 1. d4 d5 2. c4 e6 3. Nc3 Be7 4. cxd5 exd5 5. Bf4 c6 6. e3 Bf5 7. g4 Be6 8. h4 {[%cal Bh2h4,Bh4h5][%mdl 32]} Nd7 9. h5 {D31: Queen's Gambit Declined: Semi-Slav without ...Nf6 (+ Marshall Gambit and Noteboom) and Exchange Variation lines without ...Nf6} (9. g5 h6 10. g6 fxg6 11. Bd3 Nf8 12. Nf3 Bg4 13. Rg1 Nf6 14. Rg3 g5 15. hxg5 hxg5 16. Bxg5 Rh1+ {½-½ (45) So,W (2822)-Akobian,V (2645) Saint Louis 2017}) 9... Nh6 {LiveBook: 25 Games} 10. Bxh6 gxh6 11. Nh3 $146 ({Predecessor:} 11. Bd3 Qc7 12. Qe2 O-O-O 13. O-O-O Kb8 14. Nh3 Nb6 15. Nf4 Bc8 16. Kb1 Bd6 {½-½ (39) Koch,Y (2048)-Schaefer,M (2185) Tegernsee 2018}) 11... Qb6 12. Rb1 Bd6 13. Qf3 ({White should play} 13. Nf4 $15) 13... Bb4 (13... Rg8 $17 14. Rg1 Ke7) 14. Bd3 $11 c5 15. O-O (15. a3 $5 {[%cal Ra3b4]} Bxc3+ 16. bxc3 $14) 15... Rg8 16. Bf5 cxd4 (16... Bxf5 {feels hotter.} 17. Qxf5 Qf6 18. Kh2 cxd4 19. Nxd5 Bd6+) 17. exd4 Qxd4 {...Ne5 is the strong threat.} 18. Rbd1 {[#]} (18. Rfe1 $1 $11 {keeps the balance.} O-O-O 19. Rbc1 Bxc3 20. Rxc3+ Kb8 21. Qg3+ Ka8 22. Bxe6 fxe6 23. Nf4) 18... Qc4 ({Stronger than} 18... Rxg4+ 19. Kh1 $16) (18... Qf6 $1 $17 19. Rfe1 Bxc3 20. bxc3 O-O-O) 19. Nxd5 Bxf5 20. Qxf5 Qxg4+ 21. Qxg4 Rxg4+ 22. Kh1 O-O-O 23. f4 Bd6 ({Black should try} 23... Rh4 $17 24. Kh2 Bd6) 24. Rf3 Nb8 (24... Rh4 $17 25. Kg2 Rxh5) 25. Rfd3 (25. Ne3 $11 Rgg8 26. Nf5) 25... Nc6 (25... Rh4 $1 $15) 26. Nf6 {[%mdl 64] [#] Double Attack. The position is equal.} Rh4 27. Rxd6 Rxh3+ 28. Kg2 Re3 29. Kf2 Re6 30. Rxd8+ Nxd8 {[%mdl 4096] Endgame KRN-KRN} 31. Nd5 Nc6 32. Kf3 Re8 33. Ne3 Re6 34. Nf5 Kc7 35. Rg1 {And now Rg7 would win.} Rf6 36. Ke4 Re6+ 37. Kf3 {Hoping for Rg7.} Rf6 38. Ke4 {Strongly threatening Rg7.} Re6+ 39. Kf3 {Black must now prevent Rg7.} Rf6 40. Ke4 {Accuracy: White = 45%, Black = 50%.} 1/2-1/2

[Event "10th LCC FIDE Open 2018"]
[Site "London"]
[Date "2018.12.16"]
[Round "9"]
[White "Elsness, Frode"]
[Black "Bogner, Sebastian"]
[Result "0-1"]
[WhiteElo "2447"]
[BlackElo "2610"]
[Annotator "TA"]
[PlyCount "80"]
[EventDate "2018.12.09"]
[EventType "swiss"]
[EventCountry "ENG"]
[SourceTitle "playchess.com"]
[Source "ChessBase"]
[SourceQuality "1"]

{[%evp 20,80,7,-17,38,39,64,35,31,0,0,4,7,-66,-66,-66,-66,-66,-65,-75,-34,-35,0,-24,0,0,0,0,0,0,0,0,-25,-17,-2,-2,-5,-9,0,0,0,0,0,0,0,-130,-93,-91,-90,-72,0,0,16,-208,-204,-500,-499,-465,-443,-722,-727,-690,-708]} 1. d4 Nf6 2. c4 e6 3. Nf3 b6 4. g3 Ba6 5. b3 c6 6. Bg2 Bb4+ 7. Bd2 Be7 8. O-O d5 9. Qc2 O-O 10. a4 {[%cal Ba2a4,Ba4a5][%mdl 32] E15: Queen's Indian: 4 g3 sidelines, 4 g3 Ba6 and 4 g3 Bb7 early deviations} Nbd7 11. a5 {LiveBook: 21 Games} b5 (11... Ne4 $11) (11... c5 12. Rd1 Qc8 13. Bg5 h6 14. Bxf6 Nxf6 15. Nbd2 {½-½ (44) Socko,B (2593)-Ponomariov,R (2694) Riadh 2017}) 12. c5 $1 $14 {White is slightly better.} Ne4 13. Bb4 $146 ({Predecessor:} 13. Nc3 f5 14. Na2 Bb7 15. Nb4 a6 16. Nd3 Qe8 17. Bf4 g5 {½-½ (71) De Jong,M (2331)-Ernst,S (2532) Groningen 2017}) 13... Qc7 14. Nfd2 f5 {[%cal Bf7f5,Bf5f4][%mdl 32]} 15. e3 e5 16. f3 (16. Nf3 $11) 16... Nxd2 $15 17. Qxd2 exd4 18. exd4 f4 $1 19. Qf2 Rf6 20. Nc3 Nf8 21. Ne2 Ng6 22. Bd2 b4 23. Rfe1 $1 {aiming for Nxf4.} fxg3 24. hxg3 Raf8 {[%cal Ba8f8,Bf8f4,Bf4d4,Bd4d1][%mdl 32]} 25. Nf4 Rxf4 26. Bxf4 Nxf4 27. gxf4 Rxf4 28. Qe3 Kf8 29. Bh3 g6 30. Ra2 Bh4 31. Qe8+ Kg7 32. Re5 (32. Re6 $1 $11 {was the only way to keep the balance.} Rxd4 33. Rd6) 32... Rxd4 {White must now prevent ...Rd1+.} 33. Bd7 {And now Re7+! would win.} Rd1+ 34. Kh2 Bb5 (34... Bg5 $17 35. Kh3 Rg1) 35. f4 $11 {White threatens Re7+ and mate.} Qd8 (35... Re1 $5) 36. Bxc6 $2 {[#]} (36. Qxd8 $11 {and White stays safe.} Bxd8 37. Re8) 36... Qf6 $1 $40 {[%csl LRc6,LRf4][%cal Rf6f4][%mdl 128] Black attacks with force.} 37. Qd7+ $2 (37. Re7+ Qxe7 38. Qxe7+ Bxe7 39. Bxb5) 37... Kh6 {Black is clearly winning.} 38. Qg4 Bxc6 39. Rg2 {[#]} (39. Re6 $142 Bd7 40. Rxf6 Bxg4 41. Ra6) 39... Bd7 $1 {[%mdl 512]} 40. Qg5+ (40. Qxd7 Qxf4+) 40... Kg7 {Precision: White = 49%, Black = 58%.} 0-1

[Event "10th LCC FIDE Open 2018"]
[Site "London"]
[Date "2018.12.16"]
[Round "9"]
[White "Hebden, Mark L"]
[Black "Mirzoyan, Davit T."]
[Result "1/2-1/2"]
[WhiteElo "2425"]
[BlackElo "2382"]
[Annotator "TA"]
[PlyCount "69"]
[EventDate "2018.12.09"]
[EventType "swiss"]
[EventCountry "ENG"]
[SourceTitle "playchess.com"]
[Source "ChessBase"]
[SourceQuality "1"]

{[%evp 24,69,16,11,18,12,7,2,6,0,0,-2,-1,0,0,0,0,0,0,-2,-3,-3,0,0,0,0,0,0,0,0,0,0,0,0,0,0,0,0,0,0,0,0,0,0,0,0,0,0]} 1. d4 d5 2. c4 e6 3. Nf3 Nf6 4. Bg5 Be7 5. Nc3 h6 6. Bh4 O-O 7. e3 Nbd7 8. Rc1 c5 {D63: Queen's Gambit Declined: Classical: 7 Rc1} 9. cxd5 Nxd5 10. Bxe7 Nxe7 11. Bb5 cxd4 12. Qxd4 Nf6 13. O-O {[#] LiveBook: 9 Games. The position is equal.} b6 $146 {[%cal Bb7b6,Bb6b5][%mdl 32]} ({Predecessor:} 13... Qxd4 14. Nxd4 Rd8 15. Rfd1 Bd7 16. Be2 Rac8 17. Nf3 Bc6 18. Nd4 Bd7 19. Nf3 {½-½ (19) Eljanov,P (2707)-Gelfand,B (2719) Palma de Mallorca 2017}) 14. Be2 Bb7 15. Nb5 Nc6 16. Qa4 a6 17. Nbd4 b5 18. Nxc6 Bxc6 19. Qa3 Bd5 20. Ne5 Qb6 21. Bf3 Bxf3 22. gxf3 Rac8 23. Qe7 Rcd8 {[%cal Bc8d8,Bd8d7,Bd7d3][%mdl 32]} 24. Nc6 Rd7 25. Qa3 Re8 26. Rc2 e5 {[%cal Be6e5,Be5e4][%mdl 32]} 27. Rfc1 Kh7 28. Rc5 e4 29. f4 {[%cal Bf3f4,Bf4e5,Be5f6][%mdl 32]} Rd3 30. Qa5 Qb7 {Strongly threatening ...Qd7.} 31. Ne5 $1 Rxe5 32. fxe5 Qd7 33. exf6 Qg4+ 34. Kf1 Qf3 {[#] ...Rxe3 is the strong threat.} 35. Kg1 {Accuracy: White = 81%, Black = 94%.} (35. Qxa6 $2 {leads to mate.} Rd2 {[%mdl 64] Double Attack} 36. Kg1 Qxf2+ {[%mdl 64] Double Attack} 37. Kh1 Qxh2#) 1/2-1/2

[Event "10th LCC FIDE Open 2018"]
[Site "London"]
[Date "2018.12.16"]
[Round "9"]
[White "Gilevych, Artem"]
[Black "Istratescu, Andrei"]
[Result "0-1"]
[WhiteElo "2409"]
[BlackElo "2564"]
[Annotator "TA"]
[PlyCount "94"]
[EventDate "2018.12.09"]
[EventType "swiss"]
[EventCountry "ENG"]
[SourceTitle "playchess.com"]
[Source "ChessBase"]
[SourceQuality "1"]

{[%evp 22,94,0,-10,-4,-3,18,3,0,1,33,0,22,0,30,-27,-36,-22,0,0,29,28,58,43,8,22,14,16,10,0,0,0,47,27,40,18,415,-8,0,-60,0,-27,-128,-639,-625,-777,-756,-735,-778,-759,-734,-688,-580,-570,-534,-1255,-1182,-1515,-1414,-1650,-1466,-29981,-29982,-29986,-29982,-29989,-29990,-29993,-29994,-29994,-29993,-29993,-29994,-29994,-29995]} 1. d4 Nf6 2. c4 e6 3. Nc3 Bb4 4. e3 O-O 5. Bd3 d5 6. Nf3 c5 {[%cal Bc7c5,Bc5c4][%mdl 32]} 7. cxd5 exd5 8. a3 Bxc3+ 9. bxc3 c4 {E51: Nimzo-Indian: Rubinstein: 4...0-0 5 Nf3 d5} (9... Nc6 10. dxc5 Bg4 11. Qc2 Bxf3 12. gxf3 Qe7 13. Be2 Qxc5 14. Rb1 d4 15. Rb5 Qxc3+ 16. Qxc3 dxc3 17. Rc5 Rac8 18. Rxc3 {0-1 (44) Igambergenov,A (2296)-Kazhgaleyev,M (2577) Almaty 2018}) 10. Bc2 Bg4 11. O-O Nc6 12. Qe1 {LiveBook: 3 Games} Bxf3 13. gxf3 Re8 14. Kh1 Qe7 $146 ({Predecessor:} 14... Qd7 15. Rg1 Qe6 16. Rb1 Rab8 17. a4 g6 18. Ba3 {0-1 (26) Girardot,P (2249)-Ribeiro,V (2132) LSS email 2007}) 15. Rg1 b5 16. Qf1 Qe6 17. Bd2 a5 18. Rg5 (18. Qg2 $142 g6 19. Rab1) 18... g6 $11 19. Re1 Qd6 20. e4 Qxa3 21. e5 Nd7 {Threatens to win with ...Qb2.} 22. f4 $1 {[%mdl 1024] White has compensation.} Qb2 23. Rc1 b4 24. f5 {Strongly threatening Qh3.} Nf8 {Hoping for ...b3.} 25. Qg2 {[%cal Rf5g6]} Ne7 $1 (25... bxc3 26. fxg6 Nxg6 27. Bxg6 $18) 26. f4 bxc3 27. Be3 {fxg6 is the strong threat.} a4 {aiming for ...a3.} 28. f6 {And now Qh3 would win.} a3 $2 {[%mdl 8192] [#]} (28... Ne6 $11 29. fxe7 Nxg5 30. Qxg5 (30. fxg5 a3 $17) 30... Qb7) 29. fxe7 $2 (29. Qh3 $1 $18 {[%cal Rh3h6] White wants to mate with Qh6.} Ne6 30. Qh6 Qxc2 31. Rxc2) 29... a2 $36 {[%mdl 2048] Black fights for an advantage.} 30. exf8=Q+ (30. exf8=N $11 Rxf8 31. Qe2) 30... Kxf8 ({Black should try} 30... Rxf8 $15 31. Qe2 a1=Q 32. Rxa1 Rxa1+ 33. Bg1 Qc1) 31. Qe2 a1=Q 32. Rxa1 $4 {[%mdl 8192]} (32. Rgg1 $17) 32... Rxa1+ $19 33. Bg1 Qc1 34. Rg2 Qxf4 35. Rf2 Qxd4 36. Qf3 Re7 37. e6 f6 38. Kg2 Rxe6 39. Qh3 Qe5 40. Qh4 Kg7 41. Qg4 Qe1 {Black mates.} 42. Kh3 Qxg1 43. Qxe6 Qxf2 44. Qe7+ Kh6 45. Bxg6 Qf3+ 46. Kh4 Qf4+ {[%mdl 64] [#] Double Attack} 47. Kh3 hxg6 {Accuracy: White = 42%, Black = 51%.} 0-1

[Event "10th LCC FIDE Open 2018"]
[Site "London"]
[Date "2018.12.16"]
[Round "9"]
[White "Piesik, Piotr"]
[Black "Wadsworth, Matthew J"]
[Result "1-0"]
[WhiteElo "2404"]
[BlackElo "2364"]
[Annotator "NA"]
[PlyCount "73"]
[EventDate "2018.12.09"]
[EventType "swiss"]
[EventCountry "ENG"]
[SourceTitle "playchess.com"]
[Source "ChessBase"]
[SourceQuality "1"]
[TimeControl "40/5400+30:1800+30"]

1. Nf3 {[%emt 0:01:43]} Nf6 {[%emt 0:00:04]} 2. g3 {[%emt 0:00:17]} d5 {[%emt 0:00:12]} 3. Bg2 {[%emt 0:00:05]} c6 {[%emt 0:00:14]} 4. O-O {[%emt 0:00:06]} Bg4 {[%emt 0:00:19]} 5. d3 {[%emt 0:00:22]} Nbd7 {[%emt 0:00:36]} 6. Nbd2 {[%emt 0:00:19]} e6 {[%emt 0:00:35]} 7. e4 {[%emt 0:00:50]} Be7 {[%emt 0:00:27]} 8. h3 {[%emt 0:01:02]} Bh5 {[%emt 0:00:32]} 9. Qe2 {[%emt 0:05:36]} O-O {[%emt 0:01:25]} 10. a4 {[%emt 0:04:52]} a5 {[%emt 0:01:25]} 11. Nb3 {[%emt 0:07:16]} Nc5 {[%emt 0:06:55]} 12. Nxc5 {[%emt 0:00:19]} Bxc5 {[%emt 0:00:01]} 13. Bg5 {[%emt 0:02:21]} h6 {[%emt 0:01:58]} 14. Bf4 {[%emt 0:00:31]} Qb6 {[%emt 0:10:15]} 15. g4 {[%emt 0:03:07]} Bg6 {[%emt 0:01:29]} 16. Ne5 {[%emt 0:00:15]} dxe4 {[%emt 0:06:05]} 17. dxe4 {[%emt 0:02:48]} Rad8 {[%emt 0:01:04]} 18. c3 {[%emt 0:05:00]} Qb3 {[%emt 0:04:17]} 19. Rfe1 {[%emt 0:03:09]} Nd7 {[%emt 0:06:17]} 20. Nc4 {[%emt 0:00:58]} b6 {[%emt 0:00:44]} 21. Bc7 {[%emt 0:02:16]} Ra8 {[%emt 0:10:04]} 22. Red1 {[%emt 0:02:20]} Nf6 {[%emt 0:01:04]} 23. Bxb6 {[%emt 0:00:14]} Be7 {[%emt 0:02:50]} 24. Bc7 {[%emt 0:04:55]} Qb7 {[%emt 0:02:45]} 25. Bd6 {[%emt 0:02:04]} Bxd6 {[%emt 0:05:50]} 26. Rxd6 {[%emt 0:00:42]} Rfb8 {[%emt 0:01:13]} 27. f4 {[%emt 0:03:46]} Qa7+ {[%emt 0:01:23]} 28. Kh1 {[%emt 0:00:08]} Qc5 {[%emt 0:00:31]} 29. Rad1 {[%emt 0:01:06]} Ne8 {[%emt 0:02:00]} 30. R6d4 {[%emt 0:00:47]} f6 {[%emt 0:03:44]} 31. e5 {[%emt 0:02:08]} Kh7 {[%emt 0:01:41]} 32. exf6 {[%emt 0:04:55]} Nxf6 {[%emt 0:00:05]} 33. Qxe6 {[%emt 0:00:56]} Bc2 {[%emt 0:01:52]} 34. R1d2 {[%emt 0:00:25]} Bxa4 {[%emt 0:00:10]} 35. Ne5 {[%emt 0:00:32]} Bb3 {[%emt 0:00:45]} 36. Qf5+ {[%emt 0:02:07]} Kg8 {[%emt 0:00:07]} 37. Bxc6 {[%emt 0:00:34]} 1-0